The Four Feathers /

Guardado en:
Bibliografiske detaljer
Hovedforfatter: Mason, A.E.W (autor)
Format: Bog
Sprog:engelsk
Serier:(Nelson's Library)
Fag:
Tags: Tilføj Tag
Ingen Tags, Vær først til at tagge denne postø!

MARC

LEADER 00000nam^a2200000^a^4500
001 000321991
005 20250521000000.0
009 20260310113557.76
037 |a Acervo Xavier Clavigero 
041 |a ING 
082 |a 823.  |b MAS 
100 |a Mason, A.E.W.  |e (autor) 
240 1 4 |a [Las cuatro plumas] 
245 1 4 |a The Four Feathers /  |c A.E.W. Mason. 
264 |a Londres, Inglaterra :  |b Thomas Nelson and Sons,  |c fecha no identificada 
300 |a 379 p. 
336 |a texto  |b txt  |2 rdacontenido 
337 |a sin mediación  |b n  |2 rdamedio 
338 |a volumen  |b nc  |2 rdasoporte 
440 1 |a (Nelson's Library) 
649 |a XX 
650 |a Novela de Aventuras 
650 |a Novela Inglesa 
650 |a Literatura Inglesa -  |y Siglo XX 
650 |a Amistad en la Literatura 
650 |a Honor en la Literatura 
650 |a Valentía en la Literatura 
650 |a Miedo en la Literatura 
650 |a Aislamiento Social en la Literatura 
650 |a Redención en la Literatura 
650 |a Nacionalismo en la Literatura 
650 |a Sudán -  |x Historia -  |y Sitio de Jartum, 1884-1885 
910 |a Fondo General 
920 |a Impresos - Libros 
930 |a Colección General 
940 |a Literatura 
905 |a 101 
901 |a 056114  |b IT1  |c LIT  |u 20250521 
902 |a https://opac.biblio.iteso.mx/vufind/Record/000321991